000 00488nam a2200193Ia 4500
003 GCL
008 140319s9999 xx 000 0 eng d
020 _a0340731184
040 _aGCL /
_cGCL
082 0 4 _a923.2
_bD O
100 1 _aDAVIS, J . C
245 1 0 _aOLIVER CROMWELL /
_cDAVIS, J . C
260 _aانجلترا :
_bARNOLD PUBLISHERS ،
_c2001
300 _a20 CM ؛
_c243 P
650 0 4 _aBIOGRAPHY
650 0 4 _aPOLITICIANS
650 0 4 _aOLIVER CROMWELL
942 _2ddc
_cBK
999 _c8144
_d8144